|
|
|
|
| LEADER |
01273nam a2200361 a 4500 |
| 001 |
000579775 |
| 003 |
CZ BrMZK |
| 005 |
20090514075200.0 |
| 007 |
ta |
| 008 |
011129s20012002xr e f cze d |
| 015 |
|
|
|a cnb001035969
|
| 020 |
|
|
|a 80-7296-011-3
|
| 035 |
|
|
|a (OCoLC)51184518
|
| 040 |
|
|
|a BOA001
|b cze
|
| 072 |
|
7 |
|a 615.8
|x Fyzioterapie. Psychoterapie. Alternativní lékařství
|2 Konspekt
|9 14
|
| 080 |
|
|
|a 549.514.51
|2 MRF
|
| 080 |
|
|
|a 615.85
|2 MRF
|
| 080 |
|
|
|a 615.89
|2 MRF
|
| 080 |
|
|
|a (035)
|2 MRF
|
| 100 |
1 |
|
|a Kreperát, Josef Pavel,
|d 1946-
|7 jn20000620185
|4 aut
|
| 245 |
1 |
0 |
|a Křišťál a ostatní křemeny v léčitelství /
|c Josef Pavel Kreperát
|
| 250 |
|
|
|a Vyd. 1.
|
| 260 |
|
|
|a Praha :
|b Granit,
|c 2001
|
| 300 |
|
|
|a 127 s., [16] s. barev. obr. příl :
|b il. ;
|c 21 cm
|
| 504 |
|
|
|a Obsahuje bibliografii
|
| 650 |
0 |
7 |
|a křišťál
|7 ph150563
|x terapeutické aspekty
|2 czenas
|
| 650 |
0 |
7 |
|a křemen
|7 ph122081
|x terapeutické aspekty
|2 czenas
|
| 650 |
0 |
7 |
|a krystaloterapie
|7 ph270284
|2 czenas
|
| 650 |
0 |
7 |
|a lidové léčitelství
|7 ph115998
|2 czenas
|
| 655 |
|
7 |
|a příručky
|7 fd133209
|2 czenas
|
| 910 |
|
|
|a BOA001
|b 2-1094.302
|
| 990 |
|
|
|a BK
|
| 996 |
6 |
|
|b 2610148694
|c 2-1094.302
|l MZK
|r Sklad / do 1 hodiny
|n 2
|p p.v.
|w 000579775
|u 000010
|a 1
|e BOA001
|j MZK50
|s P
|